| 000 | 02711cam a22005417i 4500 | ||
|---|---|---|---|
| 001 | data | ||
| 005 | 20260322212121.0 | ||
| 008 | data | ||
| 035 | _a17755053 | ||
| 906 |
_a7 _bcbc _ccopycat _d2 _eepcn _f20 _gy-gencatlg |
||
| 925 | 0 |
_aacquire _b1 shelf copy _xpolicy default |
|
| 010 | _a 2013941487 | ||
| 020 |
_a9780985562274 _qalk. paper) _qalk. paper) |
||
| 020 |
_a0985562277 _qalk. paper) _qalk. paper) |
||
| 035 | _a(OCoLC)877912154 | ||
| 040 |
_aAZZPT _beng _cAZZPT _erda _dDLC _dOCLCF _dCIB _dEEM _dOCLCQ _dUPZ _dDLC |
||
| 042 | _alccopycat | ||
| 050 | 0 | 0 |
_aSB453 _b.N37 2014 |
| 082 | 0 | 4 |
_a635 _223 |
| 100 | 1 |
_aNash, Dee A., _eauthor. |
|
| 245 | 1 | 4 |
_aThe 20-30 something garden guide : _ba no-fuss, down and dirty, gardening 101 for anyone who wants to grow stuff / _cDee Nash. |
| 246 | 3 | _aTwenty-thirty something garden guide | |
| 250 | _aFirst edition. | ||
| 264 | 1 |
_aPittsburgh, PA : _bSt. Lynns Press, _c2014. |
|
| 300 |
_axviii, 140 pages : _bphotographs ; _c23 cm |
||
| 336 |
_atext _btxt _2rdacontent |
||
| 336 |
_astill image _bsti _2rdacontent |
||
| 337 |
_aunmediated _bn _2rdamedia |
||
| 338 |
_avolume _bnc _2rdacarrier |
||
| 500 | _aIncludes glossary. | ||
| 500 | _aIncludes index. | ||
| 505 | 0 | _aSunshine, soil, and new beginnings -- Three seasons of plenty -- The year of achieving container wisdom -- Looking at design -- Keeping small and in charge -- Stay the course, but try something new -- Creating a garden of delights -- Pathways, garden art and relaxation -- Caring for the soil...and yourself -- Gardening in community -- Seven habits of gardeners who care. | |
| 520 |
_aGarden expert Dee Nash divides her book into four types and sizes of gardens, starting with Farming Your Patio, Balcony or Deck, and giving incremental goals for the first year, and the second and third. With this guide as a basic roadmap, new gardeners can be as creative and out-of-the-box as they want. It's theirs to enjoy. A step-by-step guide with lots of photos.-- _cSource other than Library of Congress. |
||
| 650 | 0 | _aGardening. | |
| 650 | 0 | _aContainer gardening. | |
| 650 | 0 | _aVegetable gardening. | |
| 650 | 0 | _aUrban gardening. | |
| 650 | 0 | _aCommunity gardens. | |
| 650 | 0 | _aLandscape gardening. | |
| 650 | 7 |
_aCommunity gardens. _2fast _0(OCoLC)fst00870927 |
|
| 650 | 7 |
_aContainer gardening. _2fast _0(OCoLC)fst00876517 |
|
| 650 | 7 |
_aGardening. _2fast _0(OCoLC)fst00937852 |
|
| 650 | 7 |
_aLandscape gardening. _2fast _0(OCoLC)fst00991916 |
|
| 650 | 7 |
_aUrban gardening. _2fast _0(OCoLC)fst01736502 |
|
| 650 | 7 |
_aVegetable gardening. _2fast _0(OCoLC)fst01164731 |
|
| 999 |
_c1860 _d1860 |
||